00792 am a2200169 a 450000500170000000800410001702000150005804100080007311000150008124501910009625000110028726000380029830000110033650002300034765300210057765300240059820231220133504.0101006s2000||||ag d f |||| 000 0 spa d a9879823710 aspa1 aAFACIMERA. aFormación de formadores. Metodología docente en Ciencias de la Salud.bT.2 Programación de la enseñanza. Las clases teóricas. Uso de diapositivas y transparencias /cAFACIMERA. a1a ed. aBuenos Aires: bAFACIMERA;c2000. a101 p. aAFACIMERA. (2000) Formación de formadores. Metodología docente en Ciencias de la Salud. T.2 Programación de la enseñanza. Las clases teóricas. Uso de diapositivas y transparencias. (1a ed.) Buenos Aires : AFACIMERA. aCiencias Medicas aFormación docente